[Event "Titled Tuesday intern op 14th April"]
[Site "Chess.com INT"]
[Date "2020.04.14"]
[Round "3"]
[White "Aepfler, Christian"]
[Black "Musovic, Armin"]
[Result "0-1"]
[WhiteElo "2257"]
[BlackElo "2219"]
[PlyCount "110"]
[EventDate "2020.04.14"]
[EventType "swiss (blitz)"]
[EventRounds "10"]
[EventCountry "USA"]
[SourceTitle "EXT 2021"]
[Source "ChessBase"]
[SourceDate "2020.10.23"]
[SourceVersion "1"]
[SourceVersionDate "2020.10.23"]
[SourceQuality "1"]

1. e4 c6 2. d4 d5 3. exd5 cxd5 4. Bd3 Nc6 5. c3 Nf6 6. Bf4 g6 7. h3 Bg7 8. Nf3 0-0 9. 0-0 Re8 10. Re1 Nd7 11. Nbd2 f6 12. c4 e6 13. cxd5 exd5 14. Qb3 Nb6 15. Rxe8+ Qxe8 16. Re1 Qd8 17. Nb1 Na5 18. Qc2 Bd7 19. Bc7 Qf8 20. Bxb6 axb6 21. b3 Rc8 22. Qd2 Bh6 23. Qb2 Qb4 24. Qa3 Qxa3 25. Nxa3 Kf8 26. Bb5 Bf5 27. Nh4 Bd2 28. Rd1 Bb4 29. Nxf5 Bxa3 30. Ne3 Rd8 31. Be2 Nc6 32. Bf3 Ne7 33. Rd2 f5 34. Rc2 f4 35. Ng4 Bd6 36. Kf1 Kg7 37. Ne5 Kf6 38. Nd3 Bb8 39. Bg4 h5 40. Bf3 Nf5 41. Nb4 Ne7 42. Rd2 Ke6 43. Rc2 Kd6 44. Ke2 b5 45. Kd3 Ba7 46. a3 Bb6 47. Re2 Ra8 48. Ra2 Ba5 49. Nc2 Nf5 50. b4 Bb6 51. Ne1 Nxd4 52. Bd1 Re8 53. Nc2 Nf5 54. f3 Ne3 55. Kd2 Nxg2 0-1

[Event "Titled Tuesday intern op1 4th Febr"]
[Site "Chess.com INT"]
[Date "2020.02.04"]
[Round "4"]
[White "Aepfler, Christian"]
[Black "Schut, Han"]
[Result "0-1"]
[WhiteElo "2257"]
[BlackElo "2101"]
[PlyCount "66"]
[EventDate "2020.02.04"]
[EventType "swiss (blitz)"]
[EventRounds "10"]
[EventCountry "USA"]
[SourceTitle "EXT 2021"]
[Source "ChessBase"]
[SourceDate "2020.10.23"]
[SourceVersion "1"]
[SourceVersionDate "2020.10.23"]
[SourceQuality "1"]

1. e4 c5 2. c3 g6 3. Nf3 Bg7 4. d3 Nc6 5. a4 e6 6. g3 Nge7 7. Bg2 0-0 8. 0-0 Rb8 9. h3 d6 10. Nh2 a6 11. f4 b5 12. axb5 axb5 13. Be3 b4 14. Nd2 bxc3 15. bxc3 Bxc3 16. Rc1 Bd4 17. Bxd4 Nxd4 18. Nhf3 Nec6 19. Nxd4 Nxd4 20. Nf3 Nxf3+ 21. Bxf3 Qb6 22. Kh2 Qb3 23. Qxb3 Rxb3 24. Rfd1 Ba6 25. d4 Rxf3 26. dxc5 dxc5 27. Rxc5 Rb8 28. Rd2 Rbb3 29. Rg5 h6 30. Rg4 Rfd3 31. Rf2 Rf3 32. Rd2 Bd3 33. e5 Bf5 0-1

[Event "Titled Tuesday intern op1 4th Febr"]
[Site "Chess.com INT"]
[Date "2020.02.04"]
[Round "9"]
[White "Aepfler, Christian"]
[Black "Semenenko, Dmitriy"]
[Result "1-0"]
[WhiteElo "2257"]
[BlackElo "2291"]
[PlyCount "51"]
[EventDate "2020.02.04"]
[EventType "swiss (blitz)"]
[EventRounds "10"]
[EventCountry "USA"]
[SourceTitle "EXT 2021"]
[Source "ChessBase"]
[SourceDate "2020.10.23"]
[SourceVersion "1"]
[SourceVersionDate "2020.10.23"]
[SourceQuality "1"]

1. e4 Nf6 2. Nc3 d5 3. exd5 Nxd5 4. Bc4 e6 5. Nf3 Be7 6. d4 c6 7. 0-0 0-0 8. Ne4 Nd7 9. c3 Qc7 10. Re1 N7f6 11. Ng3 b5 12. Bd3 Bb7 13. Ne5 a6 14. Qe2 c5 15. dxc5 Bxc5 16. Nh5 Nxh5 17. Qxh5 Nf6 18. Qh4 Bd6 19. Bg5 Ne4 20. Bxe4 Bxe4 21. Qxe4 f6 22. Nf3 fxg5 23. Nxg5 Bxh2+ 24. Kh1 g6 25. Nxe6 Qe7 26. Nxf8 1-0

[Event "Titled Tuesday intern op 1st Oct"]
[Site "Chess.com INT"]
[Date "2019.10.01"]
[Round "5"]
[White "Abdusattorova, Bakhora"]
[Black "Aepfler, Christian"]
[Result "1-0"]
[WhiteElo "2122"]
[BlackElo "2257"]
[PlyCount "79"]
[EventDate "2019.10.01"]
[EventType "swiss (blitz)"]
[EventRounds "10"]
[EventCountry "USA"]
[SourceTitle "EXT 2021"]
[Source "ChessBase"]
[SourceDate "2020.10.23"]
[SourceVersion "1"]
[SourceVersionDate "2020.10.23"]
[SourceQuality "1"]

1. d4 d6 2. c4 e5 3. d5 f5 4. Nc3 Nf6 5. g3 Be7 6. Bg2 0-0 7. e4 fxe4 8. Nxe4 Nxe4 9. Bxe4 Nd7 10. Ne2 Nf6 11. Bg2 Bf5 12. 0-0 a5 13. Nc3 b6 14. Bg5 Nd7 15. Bxe7 Qxe7 16. Be4 Nc5 17. Bxf5 Rxf5 18. Qe2 Raf8 19. Rae1 Rf3 20. Kg2 Qf7 21. Rd1 Qh5 22. Rd2 Qf7 23. Ne4 Nxe4 24. Qxe4 Rf6 25. b3 Qh5 26. f3 Qh6 27. Rdf2 Qg5 28. h4 Qg6 29. Qxg6 Rxg6 30. f4 exf4 31. Rxf4 Rxf4 32. Rxf4 h6 33. Kf3 Rf6 34. Rxf6 gxf6 35. Kf4 h5 36. g4 hxg4 37. Kxg4 Kf7 38. Kf5 Kg7 39. h5 Kf7 40. h6 1-0

[Event "Titled Tuesday intern op 1st Oct"]
[Site "Chess.com INT"]
[Date "2019.10.01"]
[Round "2"]
[White "Jenni, Florian"]
[Black "Aepfler, Christian"]
[Result "0-1"]
[WhiteElo "2456"]
[BlackElo "2257"]
[PlyCount "118"]
[EventDate "2019.10.01"]
[EventType "swiss (blitz)"]
[EventRounds "10"]
[EventCountry "USA"]
[SourceTitle "EXT 2021"]
[Source "ChessBase"]
[SourceDate "2020.10.23"]
[SourceVersion "1"]
[SourceVersionDate "2020.10.23"]
[SourceQuality "1"]

1. e4 d5 2. exd5 Qxd5 3. Nc3 Qd6 4. d4 Nf6 5. Nf3 a6 6. g3 Nc6 7. Bg2 Bg4 8. Be3 e6 9. h3 Bh5 10. g4 Bg6 11. Nh4 Be7 12. Qf3 0-0 13. Nxg6 fxg6 14. Qe2 Rab8 15. 0-0-0 Nb4 16. Rhe1 Rfe8 17. Kb1 Nbd5 18. Bd2 Nxc3+ 19. Bxc3 Bf8 20. Qe5 Nd5 21. Bxd5 Qxd5 22. Qxc7 Rbc8 23. Qb6 Qd7 24. Qb3 Rc6 25. a3 h6 26. Ka2 Kh7 27. Re4 Rec8 28. Rde1 b5 29. Rxe6 b4 30. Rxc6 Qxc6 31. axb4 a5 32. bxa5 Ra8 33. Re5 Bd6 34. Qb5 Qc7 35. Rd5 Bf4 36. Rc5 Qf7+ 37. Qc4 Qf8 38. d5 Bd6 39. Rc6 Qxf2 40. Rxd6 Qxc2 41. Rd7 Rxa5+ 42. Bxa5 Qxc4+ 43. Kb1 Qd3+ 44. Ka2 Qb5 45. Ra7 Qxd5+ 46. Ka1 Qd1+ 47. Ka2 Qd4 48. Rc7 Qd5+ 49. Kb1 Qxa5 50. Rc3 Qd5 51. Kc2 Qe4+ 52. Kc1 h5 53. gxh5 gxh5 54. b3 g5 55. Kd2 g4 56. hxg4 Qxg4 57. Ke1 h4 58. Kf2 h3 59. Rg3 Qh4 0-1

[Event "Titled Tuesday intern op 1st Oct"]
[Site "Chess.com INT"]
[Date "2019.10.01"]
[Round "7"]
[White "Kretchetov, Alexandre"]
[Black "Aepfler, Christian"]
[Result "1/2-1/2"]
[WhiteElo "2166"]
[BlackElo "2257"]
[PlyCount "102"]
[EventDate "2019.10.01"]
[EventType "swiss (blitz)"]
[EventRounds "10"]
[EventCountry "USA"]
[SourceTitle "EXT 2021"]
[Source "ChessBase"]
[SourceDate "2020.10.23"]
[SourceVersion "1"]
[SourceVersionDate "2020.10.23"]
[SourceQuality "1"]

1. d4 d6 2. Bf4 c6 3. Nc3 Nf6 4. Qd2 Nbd7 5. Nf3 Qc7 6. h3 e5 7. Bh2 Be7 8. e4 0-0 9. a4 a5 10. Bc4 exd4 11. Qxd4 Ne8 12. 0-0 Bf6 13. Qe3 Ne5 14. Be2 Nxf3+ 15. Bxf3 Be5 16. Bxe5 dxe5 17. Rfd1 Be6 18. Qc5 Nf6 19. Nb5 Qb8 20. Nd6 Nd7 21. Qc3 Qa7 22. Bg4 Bxg4 23. hxg4 Rab8 24. b3 Qc5 25. Qxc5 Nxc5 26. Rd2 g6 27. Rad1 Rfd8 28. g5 Kf8 29. f3 Ke7 30. Nc4 Rxd2 31. Rxd2 Ne6 32. Nxa5 Nxg5 33. Nc4 f6 34. a5 Ne6 35. c3 Nf4 36. Kf2 Ne6 37. b4 Nf4 38. g3 Ne6 39. Ke3 Nc7 40. Nb6 Rd8 41. Rxd8 Kxd8 42. c4 Ke7 43. Na4 Ne6 44. b5 Kd7 45. b6 h5 46. Kf2 g5 47. Kg2 Kc8 48. Kh3 Nd4 49. Kg2 Ne6 50. Kf2 Kb8 51. Kg2 Kc8 1/2-1/2

[Event "Oberliga Ost-B 0910"]
[Site "Germany"]
[Date "2010.03.21"]
[Round "9.2"]
[White "Karabalis, Harilos"]
[Black "Aepfler, Christian"]
[Result "1/2-1/2"]
[WhiteElo "2263"]
[BlackElo "2297"]
[PlyCount "31"]
[EventDate "2009.10.18"]
[EventType "team-tourn"]
[EventRounds "11"]
[EventCountry "GER"]
[SourceTitle "EXT 2011"]
[Source "ChessBase"]
[SourceDate "2010.11.26"]
[SourceVersion "1"]
[SourceVersionDate "2010.11.26"]
[SourceQuality "1"]
[WhiteTeam "Frankfurt BvK"]
[BlackTeam "Erfurt Medizin"]
[WhiteTeamCountry "GER"]
[BlackTeamCountry "GER"]

1. e4 d5 2. exd5 Qxd5 3. Nc3 Qd6 4. d4 Nf6 5. Nge2 Bf5 6. Bf4 Qd7 7. d5 c6 8. Ng3 Bg6 9. dxc6 Nxc6 10. Qxd7+ Nxd7 11. 0-0-0 0-0-0 12. Bb5 e5 13. Be3 Bc5 14. Nge4 Bxe3+ 15. fxe3 Nb6 16. Rxd8+ 1/2-1/2